| 000 | 00756nam a22002297a 4500 | ||
|---|---|---|---|
| 999 |
_c18087 _d18087 |
||
| 003 | AR-CdUCM | ||
| 008 | 190306b ||||| |||| 00| 0 spa d | ||
| 020 | _a8432000078 | ||
| 040 |
_aMUNICIPALIDAD PROVINCIAL DEL CUSCO _cBIBLIOTECA MUNICIPAL DEL CUSCO |
||
| 082 |
_a377.6 / _bB39 |
||
| 100 |
_aBerge, A. _911052 |
||
| 245 | _aEducación sexual de la infancia / | ||
| 260 |
_aEspaña : _bPlaneta, _c1980. |
||
| 300 |
_a134 páginas ; _c20 cm. |
||
| 440 |
_aPAIDEIA _911053 |
||
| 505 | _aContenido : La información sexual -- La educación sexual propiamente dicha... | ||
| 650 |
_aEducación sexual. _96369 |
||
| 650 |
_aInformación no verbal _938464 |
||
| 650 |
_aInformación científica _938465 |
||
| 942 |
_2ddc _cLIBROS |
||
| 945 |
_arcc _d2019-03-06 |
||